MDQL
is popping MORE tags! Check the
thread
!
Quizzes
Events
Quiz Creation
Community
Videos
Private Events
Remove Ads
Sign In
Join for FREE
Feedback
Dark Mode
Quiz Categories
Sports
Geography
Music
Movies
Television
Just For Fun
Miscellaneous
History
Literature
Language
Science
Gaming
Entertainment
Religion
Holiday
For Kids
Quiz Lab
Recent
Popular Today
Quiz Kudos Today
Editor Picks
Curator Picks
Quizzes by...
Day
Popularity
Type
Ratings
Length
Year
Community
Subscriptions
Recent Discussions
Orange Saloon
Badges
Playlists
Quests
Create
Leaderboards
Showdown
Live 5
Trivia Bingo
Activity
Puzzle Library
Sporcle Events
Private Events
Virtual Trivia
Globe League
Become a Host
Pub Owners
SporcleCon
Opinionation
Our Games
Videos
Blog
Mobile Apps
Partnerships
Remove Ads and Go Orange
Feedback
Sports
Athletes
MLB
NBA
NHL
NFL
Soccer
Sports Teams
WWE
NCAA
Football
Premier League
Basketball
Baseball
Hockey
Golf
Tennis
Cricket
Rugby
Auto Racing
Olympics
World Cup
Sports
Athletes
MLB
NBA
NHL
NFL
Soccer
Sports Teams
WWE
NCAA
Football
Premier League
Basketball
Baseball
Hockey
Golf
Tennis
Cricket
Rugby
Auto Racing
Olympics
World Cup
Random Quiz
Search Sporcle
×
Quiz Lab
Quiz Lab
Sports
NBA
Type in answers that appear in a list
Type in answers that appear in a list
Classic
Best Score? Go Orange.
Top 15 Active NBA Scoring Leaders Stats
Can you name the Top 15 Active NBA Scoring Leaders?
By
macertain
3m
15 Questions
5,358 Plays
5,358 Plays
5,358 Plays
Comments
Comments
Give Quiz Kudos
Give Quiz Kudos
-
- Ratings
hide this ad
Replay
Link that replays current quiz
Next Quiz
Link to next quiz in quiz playlist
You Got
0%
They Got
Avg Score
83%
Avg Friend Score
Upgrade to see
Score Distribution
Jump to the score distribution portion of the page
Score
0/15
Timer
03:00
0
Plays Today
Team
Player
% Correct
LAL
Kobe Bryant
99.5%
CLE,MIA
LeBron James
99.3%
MIN,BOS
Kevin Garnett
98.5%
DAL
Dirk Nowitzki
98.3%
SAS
Tim Duncan
97.6%
BOS
Paul Pierce
97.6%
MIL,SEA/
OKC,BOS,MIA
Ray Allen
95.7%
DEN,NYK
Carmelo Anthony
92.7%
Team
Player
% Correct
TOR,NJN/
BRK,ORL,PHO,DAL
Vince Carter
90.2%
PHO,DAL,LAL
Steve Nash
84.9%
DAL,PHO,NJN/
BRK,NYK
Jason Kidd
81.1%
ATL,DAL,BOS
Jason Terry
63.6%
GSW,DAL,WAS,CLE,LAL
Antwan Jamison
62.5%
DET,ORL,PHO.LAC
Grant Hill
51%
PHI,DET,WAS,DAL,MIL,MIA,ATL,BRK
Jerry Stackhouse
41.9%
Quiz Playlist
Details
Report
Send in Message
Add To Playlist
Classic:
Type in answers that appear in a list
Last Updated: Jul 14, 2017
Quiz Scoreboard
CHALLENGE
Sign Up to Join the Scoreboard
Show All
Scores
Hide
Comments
May contain spoilers
Recently Published
Colored Red Africa Blitz
by spor1
Geography
30s
Find the 'City' Movie
by crazypaving
Movies
60s
5x2 Blitz: Bands
by SL_Kpop136
Music
30s
More to Explore
Quiz From the Vault
Featured Blog Post
14 Easter Pick-up Lines to Find Eggs With
hide this ad
You Might Also Like...
Tags
Basketball Quiz
NBA Quiz
Active
Player
point
Scoring
team
Top 15
Today's Top Quizzes in Sports
Browse Sports
hide this ad
Today's Top Quizzes in NBA
Browse NBA
Top Contributed Quizzes in Sports
1
Players with Multiple 50 Home Run Seasons
2
Les entraîneurs de l'OM et du PSG au 21e siècle
3
Criteria MLB: Left Handed Sluggers
4
2022 World Cup Stars
5
Les meilleurs buteurs des matchs entre le PSG et l’OM
6
Who Hit More Homers?
7
Les joueurs passés par le PSG et l'OM
8
NBA Logic Puzzle 2.0
9
Top 10 NHL Goal Scorers of All Time
10
MLB Players with Two .350 Batting Average Seasons
Explore More
Trending Topics
Disney
Kpop
Harry Potter
NBA
Crossword
Marvel
Anime
WWE
Song
Pokémon
Country
NFL
Puzzle
Soccer
The Office
hide this ad
More By:
macertain
Quiz
Plays
Rating
Category
Featured
Created
Top 15 Active NBA Scoring Leaders
5,358
3.33
Sports
Dec 2, 2012
NBA Nicknames
1,734
1.44
Sports
Dec 18, 2012
NFL Franchise Leaders Rushing & Passing
664
4.50
Sports
Dec 6, 2012
It Dies to BGH! (Hearthstone)
379
5.00
Miscellaneous
Aug 22, 2015
2013 NBA All-Stars by Team
210
3.25
Sports
Feb 28, 2013
Go to Creator's Profile
Score Distribution
Quiz Creator Spotlight
macertain
Follow
Send a Message
Quizzes Created
-
Created Quiz Play Count
-
More By This Creator
Popular Quizzes Today
1
Find the 'City' Movie
2
Colored Red Africa Blitz
3
Find the US States - No Outlines Minefield
4
5x2 Blitz: Bands
5
The Countries of the World
6
Find the US States
7
US States
8
9x9 Crossword: Cartoon Network
More Sports Quizzes
1980 European Champions - Nottingham Forest
Curator's Pick
Trending Quizzes
Colored Red Europe Blitz I
Colored Red Africa Blitz II
Colored Red Europe Blitz II
Colored Red Africa Blitz III
Colored Red Europe Blitz III
Recently Updated
2024 March Madness Bracket
pecheneg
Famous TV Couples
Peacemaker
Champions League XIs: Real Madrid
pecheneg
Largest US Cities 1790-2010
pecheneg
Rides in Walt Disney World
pecheneg
Most Oscar Losses (Acting)
pecheneg
Beyoncé Albums
pecheneg
Leaping Animals
pecheneg
Reality TV Shows (A-Z)
bhenderson79
Rickey Henderson's Hall of Fame Teammates
pecheneg
Trending Topics
Marvel
Kpop
Disney
NBA
Harry Potter
Crossword
Anime
Puzzle
Country
Song
The Office
Pokémon
Soccer
WWE
NFL
Your Account Isn't Verified!
In order to create a playlist on Sporcle, you need to verify the email address you used during registration. Go to your
Sporcle Settings
to finish the process.
Report this User
Report this user for behavior that violates our
Community Guidelines
.
Details:
Send Report
Go to the Sporcle.com Mobile Site →
Comments